Southville International School and Colleges
Your cart is empty.
  • Cart
  • Lists
    Public lists Eva Luna New books Lux_list list_1
    Your lists Log in to create your own lists
  • Log in to your account
  • Your cookies
  • Search history
Southville International School and Colleges
  • Advanced search
  • Recent comments
  • Most popular
  • Libraries

Log in to your account

Log in with GOOGLE


If you do not have an external account, but do have a local account, you can still log in:

  1. Home
  2. MARC view: Spot the differences /
Normal view MARC view ISBD view

Spot the differences / (Record no. 3829)

[ view plain ]
MARC details
000 -LEADER
fixed length control field 00555nam a22002057a 4500
003 - CONTROL NUMBER IDENTIFIER
control field OSt
005 - DATE AND TIME OF LATEST TRANSACTION
control field 20140310181807.0
008 - FIXED-LENGTH DATA ELEMENTS--GENERAL INFORMATION
fixed length control field 130704t xxu||||| |||| 00| 0 eng d
020 ## - INTERNATIONAL STANDARD BOOK NUMBER
International Standard Book Number 9780545082136
050 ## - LIBRARY OF CONGRESS CALL NUMBER
Classification number GV 1507
Item number .R813 2008
082 ## - DEWEY DECIMAL CLASSIFICATION NUMBER
Classification number REF 793.73
Item number R72 2008
245 ## - TITLE STATEMENT
Title Spot the differences /
Statement of responsibility, etc Steven Rosen.
260 ## - PUBLICATION, DISTRIBUTION, ETC. (IMPRINT)
Place of publication, distribution, etc New York :
Name of publisher, distributor, etc Scholastic,
Date of publication, distribution, etc c2008.
300 ## - PHYSICAL DESCRIPTION
Extent 48 p. ;
Other physical details ill. col. ;
Dimensions 21 cm.
520 ## - SUMMARY, ETC.
Summary, etc 1. Picture Puzzles.
521 ## - TARGET AUDIENCE NOTE
Target audience note
541 ## - IMMEDIATE SOURCE OF ACQUISITION NOTE
-- 1
562 ## - COPY AND VERSION IDENTIFICATION NOTE
Number of copies 1
942 ## - ADDED ENTRY ELEMENTS (KOHA)
Source of classification or shelving scheme Library of Congress Classification
Koha item type
Call number prefix
Holdings
Withdrawn status Lost status Source of classification or shelving scheme Damaged status Home library Current library Shelving location Date acquired Total Checkouts Full call number Barcode Date last seen Copy number Price effective from Koha item type
    Library of Congress Classification   Luxembourg Library Luxembourg Library Reference Section 07/04/2013   GV 1507 .R813 2008 18032 02/03/2016 1 07/04/2013 Books

Spot the differences /

APA

(2008). Spot the differences. New York: Scholastic.

Chicago

2008. Spot the differences. New York: Scholastic.

Harvard

(2008). Spot the differences. New York: Scholastic.

MLA

Spot the differences. New York: Scholastic. 2008.

  • Print
  • Cite
  • Add to your cart (remove)
  • Save record
    BIBTEX Dublin Core MARCXML MARC (non-Unicode/MARC-8) MARC (Unicode/UTF-8) MARC (Unicode/UTF-8, Standard) MODS (XML) RIS
  • More searches
    Search for this title in:
    Other Libraries (WorldCat) Other Databases (Google Scholar) Online Stores (Bookfinder.com) Open Library (openlibrary.org)

Exporting to Dublin Core...

SOUTHVILLE LIBRARY

Southville International School and Colleges Library

1281 Tropical Ave. Cor. Luxembourg St., BF Homes International, Las Pinas City

Tel. No. 8256374 / 252358 Loc. 117/146

Powered by Koha